Statistiques concernant Luther

Cliquez ici pour prendre le quiz!

Statistiques générales

  • Ce quiz a été pris 36 fois
  • Le résultat moyen est 19 sur 35

Statistiques - réponses

HintRéponse% Correct
Garçon + AmiGarçon
88%
Garçon + AmiVirage
88%
Garçon + AmiAlakazam
83%
Garçon + Amiuet
79%
EXITChâteau fort
75%
Garçon + AmiLe sang
75%
EXITPabo
75%
EXITAled
71%
EXITuSQUAD
71%
Garçon + AmiBlake & Mortimer
67%
Garçon + AmiLessgui
67%
EXITMossy Cobblestone
67%
EXITRouge Goron
67%
EXITSeuil
67%
EXITT3
67%
IDDBaume à lèvres
63%
Garçon + Amiinaudible
63%
EXITLook
63%
EXITJournal de quêtes
58%
Garçon + AmiPk tu m'apl ?
58%
Garçon + AmiMa vie d'avant
54%
TrameVVS
54%
Garçon + AmiToriel (Veni Vidi Vide)
50%
IDDIntro
46%
IDDYuto & Yugi
42%
TrameSavane
38%
TrameHégemon
33%
TrameKamado
33%
TrameMaille
33%
IDD20 Mach/s (interlude)
29%
TrameLe faire
29%
IDDChrysant3mes
21%
IDDFinesse
21%
TrameTrame (outro)
17%
TrameDinar (feat. Bu$hi)
0%

Distribution des résultats

Percentile par nombre de réponses

% des personnes avec chaque résultat

Votre développement - résultats

Vous n’avez pas pris ce quiz